000 00497nam a2200181 4500
001 26862
005 20230411085953.0
008 060907n1989 dr spa
020 _a0721207545
035 _9funglode27065
041 _aEN
100 _aRich, P. J.
245 1 _aElixir of empire :
_bthe english public schools, ritualism, freemasonry, and imperialism /
_cP. J. Rich
250 _a2
260 _aLondon :
_bRegency Press,
_c1989
300 _a151 p.
942 _2lcc
_cbk
999 _c110236
_d110236